[Event "CHI-ch Absoluto 2020"]
[Site "Las Condes"]
[Date "2020.02.19"]
[Round "10.5"]
[White "Olivares Olivares, Claudio"]
[Black "Valenzuela Fuentealba, Luis"]
[Result "1-0"]
[WhiteElo "2395"]
[BlackElo "2450"]
[Annotator "TA"]
[PlyCount "117"]
[EventDate "2020.02.11"]
[EventType "tourn"]
[EventCountry "CHI"]
[SourceTitle "playchess.com"]
[Source "ChessBase"]
[SourceQuality "1"]

{[%evp 13,117,-4,1,-16,0,-33,-35,-35,-18,-34,0,-8,-6,-20,0,-73,-75,-283,-235,-225,-187,-206,-209,-335,-279,-311,-73,-90,-89,-79,-79,-79,-83,-104,-20,-46,12,21,16,13,32,35,42,46,39,0,41,45,49,49,50,50,50,49,58,61,82,64,73,54,76,73,162,158,265,224,252,150,155,157,172,211,170,164,305,239,260,185,185,200,161,178,300,303,653,646,1099,1020,29948,4133,29950,3227,29954,29954,29956,5081,5065,0,0,0,29975,29976,29978,29979,29978,29976]} 1. e4 c5 2. d3 Nc6 3. f4 g6 4. Nf3 Bg7 5. Be2 d6 6. O-O Nf6 7. c3 O-O 8. Kh1 {B22: Sicilian: 2 c3.} b6 {[#]} 9. Nbd2 $146 ({Predecessor:} 9. Be3 Bb7 10. Nbd2 e5 11. fxe5 dxe5 12. Nc4 Ne8 13. a3 Nd6 14. Nfd2 Nxc4 15. Nxc4 Qc7 {½-½ (59) Kovalev,V (2562)-Salgado Lopez,I (2618) Gjakova 2016}) 9... Bb7 10. a4 {Black is slightly better.} Qc7 11. Qe1 Rad8 12. Qh4 e6 13. Nc4 Qe7 14. f5 (14. e5 $11 Ne8 15. Qh3 (15. Ng5 h6 $15)) 14... exf5 $17 15. Bh6 $2 (15. Bg5 $17 {was the only defense.}) 15... Bxh6 16. Qxh6 Ng4 ({Wrong is} 16... fxe4 $2 17. Ng5 $18) 17. Qf4 d5 18. Ne3 (18. Ncd2 $142) 18... dxe4 19. dxe4 Qd6 $2 ({Not} 19... Qxe4 20. Qxe4 fxe4 21. Nxg4 $17) (19... Nxe3 $19 20. Qxe3 fxe4) 20. Qxd6 Rxd6 21. Nc4 Re6 22. Ng5 {Strongly threatening Bxg4.} Re7 23. Nd6 h6 (23... Nd8 $17 {White should prevent ...h6.} 24. Rfe1 Nf2+ 25. Kg1 Nxe4) 24. Ngxf7 $1 $11 {White wants to play Bxg4.} Rfxf7 ({Much worse is} 24... Rexf7 25. Nxf7 Rxf7 26. Bc4 $11) (24... Kg7 $15) 25. Nxf7 Rxf7 26. Bc4 $36 {[%mdl 2048] White has some pressure.} Ne7 27. Rae1 Kg7 {Threatening ...Rf8.} 28. Bxf7 Kxf7 29. Kg1 Nf6 30. exf5 gxf5 31. a5 Be4 32. axb6 axb6 33. Ra1 Nfd5 34. Ra7 Ke6 35. Rfa1 Kd6 36. g3 Ne3 37. R1a6 N7d5 (37... Bc6 $16) 38. Rh7 $18 Kc6 (38... Ke5 $16 39. Rxh6 Bd3) 39. Rxh6+ Kb5 40. Ra3 (40. Ra7 $18) 40... Kc4 $16 41. Re6 {Hoping for h4.} b5 42. h4 $1 {[%cal Rh4h5]} Nc7 43. Rd6 {aiming for b3+.} Ne8 (43... f4 $142 44. gxf4 Nf5) 44. Rb6 Ng7 45. Rg6 Nh5 46. Rg5 $1 {[%cal Rg5h5]} Nf6 {[#]} 47. h5 $1 {Black must now prevent Ra6.} Neg4 (47... Nfg4 {was worth a try.} 48. Rg8 Nd1) 48. Ra6 $18 Kb3 $2 {[#]} (48... Nxh5 49. Rxh5 Kb3) 49. h6 $1 Kxb2 50. Rxg4 fxg4 51. Rxf6 Kxc3 {[%mdl 4096] Endgame KR-KB} 52. Re6 (52. Kf2 $142 Kc2 53. Ke3 Bd3 54. Rf7 Kc3 55. h7 Bxh7 56. Rxh7 c4 57. Rg7) 52... Bb1 53. Re3+ Kc4 54. Kf2 b4 55. Ke2 $2 (55. Re7 $18 b3 56. h7 Bxh7 57. Rxh7) 55... b3 $11 56. Kd2 Kb4 $2 {[%mdl 8192]} (56... b2 $11 57. Rc3+ Kb4) 57. Re7 {White mates.} b2 58. Rb7+ Kc4 59. Rxb2 {Accuracy: White = 76%, Black = 50%.} 1-0

[Event "CHI-ch Absoluto 2020"]
[Site "Las Condes"]
[Date "2020.02.20"]
[Round "11.1"]
[White "Vergara Jofre, Felipe Andres"]
[Black "Olivares Olivares, Claudio"]
[Result "0-1"]
[WhiteElo "2217"]
[BlackElo "2395"]
[Annotator "NA"]
[PlyCount "52"]
[EventDate "2020.02.11"]
[EventType "tourn"]
[EventCountry "CHI"]
[SourceTitle "playchess.com"]
[Source "ChessBase"]
[SourceQuality "1"]
[TimeControl "5400+30"]

1. e4 {[%emt 0:04:30]} c5 {[%emt 0:06:45]} 2. Nf3 {[%emt 0:00:01]} d6 {[%emt 0:00:17]} 3. d4 {[%emt 0:00:04]} cxd4 {[%emt 0:00:03]} 4. Nxd4 {[%emt 0:00:01]} Nf6 {[%emt 0:00:09]} 5. Nc3 {[%emt 0:00:02]} a6 {[%emt 0:00:08]} 6. Be2 {[%emt 0:00:03]} e6 {[%emt 0:00:06]} 7. O-O {[%emt 0:00:05]} Be7 {[%emt 0:00:04]} 8. f4 {[%emt 0:01:40]} Nc6 {[%emt 0:00:06]} 9. Be3 {[%emt 0:00:34]} Qc7 {[%emt 0:01:14]} 10. Qe1 {[%emt 0:06:43]} O-O {[%emt 0:00:09]} 11. Qg3 {[%emt 0:02:11]} Bd7 {[%emt 0:01:01]} 12. Rae1 $11 {[%emt 0:08:12]} Rac8 {[%emt 0:08:23]} 13. Kh1 {[%emt 0:05:11]} Kh8 {[%emt 0:00:45]} 14. a4 {[%emt 0:03:26]} Nb4 {[%emt 0:03:24]} 15. Bf3 {[%emt 0:16:36]} e5 {[%emt 0:02:20]} 16. fxe5 {[%emt 0:11:03]} dxe5 {[%emt 0:02:38]} 17. Nd5 {[%emt 0:07:56]} Nbxd5 {[%emt 0:05:57]} 18. exd5 {[%emt 0:00:03]} Bd6 {[%emt 0:07:07]} 19. Qg5 {[%emt 0:04:59]} exd4 {[%emt 0:07:01]} 20. Bxd4 {[%emt 0:00:01]} h6 {[%emt 0:01:16]} 21. Qh4 {[%emt 0:00:31]} Ng8 {[%emt 0:00:06]} 22. Bh5 {[%emt 0:03:21]} f6 {[%emt 0:03:08]} 23. Bg6 {[%emt 0:02:31]} Qc4 {[%emt 0:03:02]} 24. Bd3 {[%emt 0:02:10]} Qxd5 {[%emt 0:01:05]} 25. c4 {[%emt 0:00:06]} Qg5 {[%emt 0:00:40]} 26. Qe4 {[%emt 0:00:04]} f5 {[%emt 0:00:11]} 0-1

[Event "CHI-ch Absoluto 2020"]
[Site "Las Condes"]
[Date "2020.02.20"]
[Round "11.2"]
[White "Torres Bravo, Cristobal Renato"]
[Black "Gomez Barrera, Gonzalo Andres"]
[Result "0-1"]
[WhiteElo "2372"]
[BlackElo "2040"]
[Annotator "NA"]
[PlyCount "76"]
[EventDate "2020.02.11"]
[EventType "tourn"]
[EventCountry "CHI"]
[SourceTitle "playchess.com"]
[Source "ChessBase"]
[SourceQuality "1"]
[TimeControl "5400+30"]

1. c4 {[%emt 0:08:47]} e6 {[%emt 0:00:00]} 2. Nf3 {[%emt 0:01:02]} d5 {[%emt 0:00:08]} 3. g3 {[%emt 0:00:07]} Nf6 {[%emt 0:02:00]} 4. Bg2 {[%emt 0:00:05]} dxc4 {[%emt 0:09:43]} 5. Qa4+ {[%emt 0:01:03]} Qd7 {[%emt 0:11:09]} 6. Qxc4 {[%emt 0:00:07]} Qc6 {[%emt 0:00:05]} 7. b3 $14 {[%emt 0:01:12]} Qxc4 {[%emt 0:07:55]} 8. bxc4 {[%emt 0:00:11]} c6 {[%emt 0:03:27]} 9. O-O {[%emt 0:00:52]} Nbd7 {[%emt 0:00:38]} 10. d4 {[%emt 0:09:34]} Bd6 {[%emt 0:02:57]} 11. Bb2 {[%emt 0:01:27]} O-O {[%emt 0:00:28]} 12. Nbd2 {[%emt 0:00:34]} Re8 {[%emt 0:01:36]} 13. c5 {[%emt 0:03:50]} Bc7 {[%emt 0:01:14]} 14. Nc4 {[%emt 0:00:11]} e5 {[%emt 0:18:28]} 15. e3 {[%emt 0:09:20]} e4 {[%emt 0:07:19]} 16. Nfd2 {[%emt 0:02:04]} b6 {[%emt 0:02:59]} 17. Nb3 {[%emt 0:03:28]} Ba6 {[%emt 0:01:50]} 18. Rfc1 {[%emt 0:00:36]} Bxc4 {[%emt 0:00:13]} 19. Rxc4 {[%emt 0:00:04]} b5 {[%emt 0:00:09]} 20. Rcc1 {[%emt 0:01:29]} a5 {[%emt 0:06:12]} 21. a4 {[%emt 0:03:52]} b4 {[%emt 0:01:26]} 22. Nd2 {[%emt 0:00:14]} Rad8 {[%emt 0:07:17]} 23. Rc2 {[%emt 0:03:34]} Nb8 {[%emt 0:08:25]} 24. Re1 {[%emt 0:01:24]} Re7 {[%emt 0:01:52]} 25. f3 {[%emt 0:02:09]} exf3 {[%emt 0:00:05]} 26. Bxf3 {[%emt 0:00:03]} Nd5 {[%emt 0:01:28]} 27. e4 {[%emt 0:03:09]} f5 {[%emt 0:02:58]} 28. exd5 {[%emt 0:05:54]} Rxe1+ {[%emt 0:00:01]} 29. Kf2 {[%emt 0:00:08]} Rde8 {[%emt 0:00:03]} 30. d6 {[%emt 0:00:53]} Bd8 {[%emt 0:00:11]} 31. d5 {[%emt 0:00:07]} cxd5 {[%emt 0:00:09]} 32. Bxd5+ {[%emt 0:01:06]} Kh8 {[%emt 0:00:15]} 33. Nc4 {[%emt 0:01:42]} b3 {[%emt 0:00:45]} 34. Rd2 {[%emt 0:01:19]} Bg5 {[%emt 0:00:12]} 35. Rd3 {[%emt 0:00:47]} R8e2+ {[%emt 0:00:45]} 36. Kf3 {[%emt 0:00:07]} Rxh2 {[%emt 0:00:27]} 37. Ne3 {[%emt 0:07:42]} Bxe3 {[%emt 0:00:16]} 38. Rxe3 {[%emt 0:00:10]} Rf1# {[%emt 0:00:00]} 0-1

[Event "CHI-ch Absoluto 2020"]
[Site "Las Condes"]
[Date "2020.02.20"]
[Round "11.3"]
[White "Garcia Cardenas, Pablo"]
[Black "Reinuaba Escobar, Carlos"]
[Result "1-0"]
[WhiteElo "2424"]
[BlackElo "2184"]
[Annotator "NA"]
[PlyCount "83"]
[EventDate "2020.02.11"]
[EventType "tourn"]
[EventCountry "CHI"]
[SourceTitle "playchess.com"]
[Source "ChessBase"]
[SourceQuality "1"]
[TimeControl "5400+30"]

1. d4 {[%emt 0:13:12]} Nf6 {[%emt 0:11:01]} 2. c4 {[%emt 0:00:00]} g6 {[%emt 0:01:33]} 3. Nc3 {[%emt 0:00:00]} Bg7 {[%emt 0:00:56]} 4. e4 {[%emt 0:00:00]} d6 {[%emt 0:00:04]} 5. h3 {[%emt 0:00:00]} O-O {[%emt 0:00:21]} 6. Be3 {[%emt 0:00:00]} c5 {[%emt 0:01:57]} 7. Nf3 {[%emt 0:00:00]} cxd4 {[%emt 0:00:05]} 8. Nxd4 {[%emt 0:00:00]} b6 {[%emt 0:00:04]} 9. g3 {[%emt 0:00:00]} Bb7 {[%emt 0:00:16]} 10. Bg2 $1 {[%emt 0:00:00]} Nbd7 $14 {[%emt 0:10:39]} 11. O-O {[%emt 0:00:00]} Nc5 {[%emt 0:18:26]} 12. f3 {[%emt 0:00:00]} Rc8 {[%emt 0:00:42]} 13. b3 {[%emt 0:03:19]} a6 {[%emt 0:04:45]} 14. Qd2 {[%emt 0:00:12]} Re8 {[%emt 0:01:29]} 15. Rfd1 {[%emt 0:06:09]} Nfd7 {[%emt 0:09:37]} 16. Rac1 {[%emt 0:02:35]} h5 {[%emt 0:00:22]} 17. g4 {[%emt 0:00:09]} hxg4 {[%emt 0:00:26]} 18. hxg4 {[%emt 0:00:02]} Ne5 {[%emt 0:00:36]} 19. Qe2 {[%emt 0:14:33]} e6 {[%emt 0:05:08]} 20. f4 {[%emt 0:06:05]} Nc6 {[%emt 0:01:57]} 21. e5 {[%emt 0:06:32]} Nxd4 {[%emt 0:06:44]} 22. Rxd4 {[%emt 0:00:50]} Bxg2 {[%emt 0:01:18]} 23. Qxg2 {[%emt 0:00:46]} Qc7 {[%emt 0:08:54]} 24. Rxd6 {[%emt 0:03:01]} Bf8 {[%emt 0:00:09]} 25. Rd2 {[%emt 0:10:31]} Red8 {[%emt 0:00:21]} 26. Rcd1 {[%emt 0:00:14]} Rxd2 {[%emt 0:04:25]} 27. Qxd2 {[%emt 0:00:16]} Be7 {[%emt 0:03:07]} 28. g5 {[%emt 0:04:28]} Kg7 {[%emt 0:01:18]} 29. Qe2 {[%emt 0:07:50]} Rh8 {[%emt 0:02:44]} 30. Qf3 {[%emt 0:00:17]} Rd8 {[%emt 0:03:16]} 31. Bd4 {[%emt 0:03:37]} Rd7 {[%emt 0:02:00]} 32. Nd5 {[%emt 0:02:00]} Qb7 {[%emt 0:00:09]} 33. Kg2 {[%emt 0:00:27]} Kf8 {[%emt 0:00:56]} 34. Rh1 {[%emt 0:01:21]} Ke8 {[%emt 0:00:01]} 35. Rh8+ {[%emt 0:02:07]} Bf8 {[%emt 0:00:05]} 36. Nf6+ {[%emt 0:01:51]} Ke7 {[%emt 0:00:09]} 37. Bxc5+ {[%emt 0:02:13]} bxc5 {[%emt 0:00:10]} 38. Nxd7 {[%emt 0:00:07]} Qxd7 {[%emt 0:00:12]} 39. Kg3 {[%emt 0:00:31]} a5 {[%emt 0:01:02]} 40. a4 {[%emt 0:01:15]} Qd4 {[%emt 0:02:02]} 41. Qb7+ {[%emt 0:00:07]} Ke8 {[%emt 0:00:11]} 42. Qc8+ {[%emt 0:00:02]} 1-0

[Event "CHI-ch Absoluto 2020"]
[Site "Las Condes"]
[Date "2020.02.20"]
[Round "11.4"]
[White "Aguirre Contreras, Cristian Rodrigo"]
[Black "Romero Araya, Diego Alonso"]
[Result "1/2-1/2"]
[WhiteElo "2187"]
[BlackElo "2252"]
[Annotator "TA"]
[PlyCount "43"]
[EventDate "2020.02.11"]
[EventType "tourn"]
[EventCountry "CHI"]
[SourceTitle "playchess.com"]
[Source "ChessBase"]
[SourceQuality "1"]

{[%evp 11,22,0,0,0,31,22,35,0,3,0,20,0,0]} 1. e4 c6 2. d3 d5 3. Nd2 e5 4. Ngf3 Bd6 5. d4 exd4 6. exd5 cxd5 7. Nxd4 {B10: Caro-Kann: 2 d3 and 2 c4.} Ne7 (7... Nc6 $5 {[%cal Rc6d4]} 8. N2f3 Nf6 $11) 8. Bd3 Nbc6 9. N2b3 O-O {The position is equal.} 10. O-O Ng6 11. Qh5 Nce5 {[#] A rather calm draw.} {Predecessor:} 12. Bf5 $146 a6 13. c3 Nc4 14. Bxc8 Rxc8 15. Nf5 Be5 16. Nbd4 Qb6 17. Nf3 Bf6 18. b3 Bxc3 19. Ng5 Rfe8 20. Qxh7+ Kf8 21. bxc4 Rxc4 22. Ba3+ {1-0 (22) Carlsson,P (2463)-Pantsulaia,L (2597) St Petersburg 2018} 1/2-1/2

[Event "CHI-ch Absoluto 2020"]
[Site "Las Condes"]
[Date "2020.02.20"]
[Round "11.5"]
[White "Gasic Merino, Franco Ignacio"]
[Black "Salinas Herrera, Pablo Patricio"]
[Result "0-1"]
[WhiteElo "2168"]
[BlackElo "2502"]
[Annotator "RC"]
[PlyCount "74"]
[EventDate "2020.02.11"]
[EventType "tourn"]
[EventCountry "CHI"]
[SourceTitle "playchess.com"]
[Source "ChessBase"]
[SourceQuality "1"]
[TimeControl "5400+30"]

1. d4 {[%emt 0:00:00]} g6 {[%emt 0:01:20]} 2. g3 {[%emt 0:00:00]} Bg7 {[%emt 0:00:10]} 3. Bg2 {[%emt 0:00:00]} d6 {[%emt 0:00:06]} 4. e4 {[%emt 0:00:46]} c5 {[%emt 0:00:11]} 5. dxc5 {[%emt 0:03:41]} Qa5+ {[%emt 0:00:03]} 6. Nc3 {[%emt 0:00:11]} Qxc5 {[%emt 0:09:22]} 7. Nge2 {[%emt 0:00:16]} Nf6 {[%emt 0:00:07]} 8. O-O {[%emt 0:00:24]} O-O {[%emt 0:01:23]} 9. Be3 {[%emt 0:03:29]} Qa5 {[%emt 0:01:32]} 10. Qc1 {[%emt 0:02:27]} Re8 {[%emt 0:03:12]} 11. h3 {[%emt 0:04:01]} Nc6 {[%emt 0:00:20]} 12. Nf4 {[%emt 0:10:26]} Bd7 {[%emt 0:00:07]} 13. Bd2 {[%emt 0:02:09]} Rac8 {[%emt 0:04:50]} 14. Re1 {[%emt 0:06:31]} Ne5 {[%emt 0:01:20]} 15. Nd3 {[%emt 0:05:10]} Nc4 {[%emt 0:00:37]} 16. Bh6 {[%emt 0:00:23]} Bxh6 {[%emt 0:00:21]} 17. Qxh6 {[%emt 0:00:03]} Nxb2 {[%emt 0:00:08]} 18. Nd5 {[%emt 0:03:25]} Nxd3 {[%emt 0:00:10]} 19. Nxf6+ {[%emt 0:01:47]} exf6 {[%emt 0:00:04]} 20. cxd3 {[%emt 0:00:04]} Qg5 {[%emt 0:00:16]} 21. Qxg5 {[%emt 0:00:28]} fxg5 {[%emt 0:00:04]} 22. Reb1 {[%emt 0:02:31]} b5 {[%emt 0:01:22]} 23. Rb4 {[%emt 0:08:02]} Kf8 {[%emt 0:01:59]} 24. a4 {[%emt 0:06:37]} bxa4 {[%emt 0:00:04]} 25. Rb7 {[%emt 0:00:04]} Red8 {[%emt 0:01:10]} 26. Rxa7 {[%emt 0:00:02]} Ra8 {[%emt 0:00:07]} 27. Rc7 {[%emt 0:00:57]} Be8 {[%emt 0:01:52]} 28. Ra3 {[%emt 0:14:08]} Rdc8 {[%emt 0:01:30]} 29. Rb7 {[%emt 0:00:51]} Rab8 {[%emt 0:00:05]} 30. Ra7 {[%emt 0:00:44]} Rc1+ {[%emt 0:00:27]} 31. Kh2 {[%emt 0:00:17]} Rb2 {[%emt 0:00:34]} 32. d4 {[%emt 0:03:02]} Rxf2 {[%emt 0:00:17]} 33. g4 {[%emt 0:00:26]} Rd2 {[%emt 0:02:17]} 34. d5 {[%emt 0:00:58]} Rcc2 {[%emt 0:01:06]} 35. Rg3 {[%emt 0:00:13]} Bb5 {[%emt 0:00:19]} 36. e5 {[%emt 0:01:51]} dxe5 {[%emt 0:00:20]} 37. d6 {[%emt 0:00:14]} Bc6 {[%emt 0:00:09]} 0-1